| 000 | 00633nam a2200205Ia 4500 | ||
|---|---|---|---|
| 003 | OSt | ||
| 005 | 20220107122748.0 | ||
| 008 | 130318s9999 xx 000 0 und d | ||
| 020 | _a9780273772422 | ||
| 040 | _cIIITM-K | ||
| 082 | _a658.4092 YEM/F | ||
| 100 |
_aYemm, Graham _95551 |
||
| 245 |
_aFinancial times essential guide to leading your team: _bHow to set goals, measure performance and reward talent _cby Graham Yemm |
||
| 260 |
_bPearson, _aU.K, _c2012. |
||
| 300 | _axi, 163p. | ||
| 650 |
_aEXECUTIVE LEADERSHIP _95552 |
||
| 650 |
_aEXECUTIVE MANAGEMENT _95553 |
||
| 650 |
_aLEADERSHIP MANAGEMENT _95554 |
||
| 942 |
_2ddc _cBK |
||
| 999 |
_c4283 _d4283 |
||